logo

Bir Sreshtho Munshi Abdur Rouf Library
Jhenaidah Cadet College

Romeo and Juliet Notes / (Record no. 9714)

MARC details
000 -LEADER
fixed length control field 00615nam a2200229 a 4500
001 - CONTROL NUMBER
JCCL Control Number 9714
003 - CONTROL NUMBER IDENTIFIER
JCCL marc code Bd-JhCC
005 - DATE AND TIME OF LATEST TRANSACTION
control field 20180322175303.0
008 - FIXED-LENGTH DATA ELEMENTS--GENERAL INFORMATION
fixed length control field 180322s1960 enk 000 0 eng d
035 ## - SYSTEM CONTROL NUMBER
system control number Bd-JhCC)9714
040 ## - CATALOGING SOURCE
Original cataloging agency Bd-JhCC
Transcribing agency HDC
Modifying agency Bd-JhCC
041 ## - LANGUAGE CODE
Language code of Book eng
082 ## - DEWEY DECIMAL CLASSIFICATION NUMBER
Classification number 822.076
Author mark and Year ROM 1960
090 ## - LOCALLY ASSIGNED LC-TYPE CALL NUMBER (OCLC); LOCAL CALL NUMBER (OCLC)
Classification number (OCLC) (R) ; Classification number, CALL (RLIN) (NR) PR2750
Local cutter number (OCLC) ; Book number/undivided call number, CALL (RLIN) .B31 1949
245 10 - TITLE STATEMENT
Title Romeo and Juliet Notes /
Statement of responsibility, etc Cliff's Notes,
260 ## - PUBLICATION, DISTRIBUTION, ETC. (IMPRINT)
Place of publication, distribution, etc U. S. A :
Name of publisher, distributor, etc Cliff's Notes,
Date of publication, distribution, etc 1960.
300 ## - PHYSICAL DESCRIPTION
Pagination 59 p. :
Other physical details facsim ;
Dimensions 22 cm
500 ## - GENERAL NOTE
General note Reproduction of the Edinburgh University Library copy
650 ## - SUBJECT ADDED ENTRY--TOPICAL TERM
Topical term or geographic name as entry element Commedy
942 ## - ADDED ENTRY ELEMENTS (KOHA)
Source of classification or shelving scheme Dewey Decimal Classification
Koha item type Books
Holdings
Source of classification or shelving scheme Damaged status Not for loan Home library Current library Shelving location Date of accession Source of acquisition Total Checkouts Full call number Barcode Date last seen Copy number Koha item type
Dewey Decimal Classification     JCC Rouf Library JCC Rouf Library General Stacks 03/22/2018 The Asia Foundation   822.076 ROM 1960 12198 03/22/2018 C-1 Books

JCC Library | Contacts | JCC Home

Last Update on 23 September 2017
Copyright @ 2017-2020 JCC Rouf Library
Rouf Library, Jhenidah Cadet College (JCC), Bangladesh